书目信息 |
| 题名: |
家用电脑急救站:用户自救指南
|
|
| 作者: | 章国英 编著 | |
| 分册: | ||
| 出版信息: | 上海 同济大学出版社 2000.01 |
|
| 页数: | 700页 | |
| 开本: | 16开 | |
| 丛书名: | ||
| 单 册: | ||
| 中图分类: | TP306 | |
| 科图分类: | ||
| 主题词: | 计算技术 , 电子计算机 | |
| 电子资源: | ||
| ISBN: | 7-5608-2071-9 | |
| 000 | 00617nam0 2200205 45 | |
| 001 | 0009170889 | |
| 005 | 20000917085542.2 | |
| 010 | @a7-5608-2071-9@d62.00元 | |
| 100 | @a20000917d2000 km y0chiy0120 ea | |
| 101 | 0 | @achi |
| 105 | @a z 000yy | |
| 200 | 1 | @a家用电脑急救站:用户自救指南@AJia Yong Dian Nao Ji Jiu Zhan:Yong Hu Zi Jiu Zhi Nan@f章国英编著@FZhang Guo Ying Bian Zhu |
| 210 | @a上海@c同济大学出版社@d2000.01 | |
| 215 | @a700页@d16开 | |
| 606 | 0 | @a计算技术 |
| 606 | 0 | @a电子计算机 |
| 690 | @aTP306@v3 | |
| 701 | 0 | @a章国英@4编著 |
| 801 | @aCN@bPftUser@c20000917 | |
| 905 | @b146084-088@dTP306@eZH912@f5 | |
| 家用电脑急救站:用户自救指南/章国英编著.-上海:同济大学出版社,2000.01 |
| 700页;16开 |
| ISBN 7-5608-2071-9:62.00元 |
| ● |
| 相关链接 |
|
|
|
正题名:家用电脑急救站:用户自救指南
索取号:TP306/ZH912
 
预约/预借
| 序号 | 登录号 | 条形码 | 馆藏地/架位号 | 状态 | 备注 |
| 1 | 146084 | 201460846 | 自科库301/ [索取号:TP306/ZH912] | 在馆 | |
| 2 | 146085 | 201460855 | 自科二线504/504自科库 6排4列1层/ [索取号:TP306/ZH912] | 在馆 | |
| 3 | 146086 | 201460864 | 自科库301/ [索取号:TP306/ZH912] | 在馆 | |
| 4 | 146087 | 201460873 | 自科二线400A/400A自科库 2排2列1层/ [索取号:TP306/ZH912] | 在馆 | |
| 5 | 146088 | 201460882 | 自科二线504/504自科库 6排4列1层/ [索取号:TP306/ZH912] | 在馆 |